000
00304nam a2200121Ia 4500
008
220204s9999 xx 000 0 und d
082
_a
635.1
_b
BOR
100
_a
Boraiah, G
245
0
_a
Some aspects of vegetation at Nandi Hills
260
_a
Bangalore
_b
UAS
_c
1970
700
_a
Fathima, T
942
_c
BK
999
_c
21922
_d
21922